000 00705nam a22001577a 4500
003 OSt
005 20151006104920.0
008 151006b xxu||||| |||| 00| 0 eng d
040 _cRUA
082 _aAVM KHI 1998 B070 Or.1
100 _92131
_aKHIN, MENGKHEANG.
245 _aFertilty rate on artificial insemination of different breeds of pigs in yu toong garm, ការសិក្សាអត្រាបង្កកំណើតដោយប្រើវិធីបង្កាត់សិប្បនិម្មិត នៃពូជជ្រូកផ្សេងៗគ្នា នៅស្ថានីយ៍យូទុង.
260 _aphnom phen
_bRUA
_c1998
300 _a67p.
942 _2ddc
_cAVM
999 _c2003
_d2003